| 000 | 00720pab a2200181 454500 | ||
|---|---|---|---|
| 008 | 180718b1996 xxu||||| |||| 00| 0 eng d | ||
| 100 | _aGangal, S.C. | ||
| 245 | _aDeveloping and uplifting India's villages | ||
| 260 | _c1996 | ||
| 300 | _ap.19-21,89 | ||
| 362 | _aJan | ||
| 520 | _a"Highlighting the government's efforts for rural uplift, the author observes, happily these have coincided with an extensive and fuller application of Panchayati Raj. This is bound to impart an irreversible and dynamic thrust to the process of rural advancement in all its dimensions, he feels" | ||
| 650 | _aRural development - India | ||
| 650 | _aPanchayat - India | ||
| 650 | _aPanchayat | ||
| 773 | _aYojana | ||
| 909 | _a30360 | ||
| 999 |
_c30360 _d30360 |
||